000 00686nam a22002777a 4500
003 UA-OsUOA
001 32927
007 ta
008 20050222b un ||||| |||| 00| 0 ukr d
100 _aРогожин С. В.
700 _aРогожина Т. В.
090 _a65.01
_bР59
942 _cBK
040 _aUA-OsUOA
_brus
_cUA-OsUOA
_dUA-OsUOA
245 _aТеория организации
_bУчеб. пособ.
300 _a320 с.
955 _a0
041 _arus
080 _a65.01
020 _a5-472-00038-6
260 _aМ.
_bЭкзамен
_c2004
044 _aRU
250 _n2-е изд., стереотипн.
650 7 _2UDC
999 _c319382
_d319382